| 000 -LEADER |
| fixed length control field |
01128 a2200253 4500 |
| 003 - CONTROL NUMBER IDENTIFIER |
| control field |
Nust |
| 005 - DATE AND TIME OF LATEST TRANSACTION |
| control field |
20170207152523.0 |
| 010 ## - LIBRARY OF CONGRESS CONTROL NUMBER |
| LC control number |
88082227 |
| 020 ## - INTERNATIONAL STANDARD BOOK NUMBER |
| International Standard Book Number |
0818608293 |
| 035 ## - SYSTEM CONTROL NUMBER |
| System control number |
(OCoLC)19027192 |
| 040 ## - CATALOGING SOURCE |
| Transcribing agency |
Nust |
| 082 ## - DEWEY DECIMAL CLASSIFICATION NUMBER |
| Classification number |
004.6 |
| 245 00 - TITLE STATEMENT |
| Title |
Tutorial, digital private branch exchanges (PBXs) / |
| Statement of responsibility, etc. |
[edited by] Edwin R. Coover. |
| 260 ## - PUBLICATION, DISTRIBUTION, ETC. |
| Place of publication, distribution, etc. |
Washington, D.C. : |
| Name of publisher, distributor, etc. |
IEEE Computer Society Press ; |
| Place of publication, distribution, etc. |
Los Angeles, CA : |
| Name of publisher, distributor, etc. |
[Order from] IEEE Computer Society, |
| Date of publication, distribution, etc. |
c1989. |
| 300 ## - PHYSICAL DESCRIPTION |
| Extent |
ix, 384 p. : |
| Other physical details |
ill., ports. ; |
| Dimensions |
28 cm. |
| 505 ## - FORMATTED CONTENTS NOTE |
| Formatted contents note |
What PBXs Do and How They do It (Page-5), PBXs as Office Service Centers (Page-103), A Modern PBX in Detail NEC’s NEAX2400 IMS as Example (Page-153), PBXs as LANs (Page-213), Distrubuted Architectures (Page-265), Positioning for ISDN (Page-301), |
| 538 ## - SYSTEM DETAILS NOTE |
| System details note |
Almirah No.3 Shelf No.4 |
| 650 #0 - SUBJECT ADDED ENTRY--TOPICAL TERM |
| Topical term or geographic name entry element |
Digital electronics. |
| 650 #0 - SUBJECT ADDED ENTRY--TOPICAL TERM |
| Topical term or geographic name entry element |
Private branch exchange telephone equipment industry. |
| 650 #0 - SUBJECT ADDED ENTRY--TOPICAL TERM |
| Topical term or geographic name entry element |
Telephone switching systems, Electronic. |
| 650 #0 - SUBJECT ADDED ENTRY--TOPICAL TERM |
| Topical term or geographic name entry element |
Telephone |
| General subdivision |
Private branch exchanges. |
| 700 1# - ADDED ENTRY--PERSONAL NAME |
| Personal name |
Coover, Edwin R., |
| Dates associated with a name |
1942- |
| 740 0# - ADDED ENTRY--UNCONTROLLED RELATED/ANALYTICAL TITLE |
| Uncontrolled related/analytical title |
Digital private branch exchanges (PBXs) |
| 942 ## - ADDED ENTRY ELEMENTS (KOHA) |
| Source of classification or shelving scheme |
|
| Koha item type |
Book |